| 000 | 00987cab a2200253 4500 | ||
|---|---|---|---|
| 001 | WB3206-44 | ||
| 008 | 090401t1996 xxu||||| |||| 00| 0 eng d | ||
| 035 | _a(Sirsi) u21320 | ||
| 041 | _aeng | ||
| 245 | _aRent Acts | ||
| 260 | _c1996 | ||
| 350 | _a0 | ||
| 490 |
_aEstates Gazette Case Summaries _v(1996) EGCS 9 (03/02/1996) |
||
| 520 | _a"Curtis and others v London Rent Assessment Committee and others" QBD 22 January 1996. The principles laid down in "Spath Holme Ltd v Chairman of the Greater Manchester Rent Assessment Committee" were applied to resolve three fair rent disputes. | ||
| 650 | _aASSURED TENANCIES | ||
| 650 | _aCURTIS AND OTHERS V LONDON RENT ASSESSMENT COMMITTEE AND OTHERS | ||
| 650 | _aFAIR RENTS | ||
| 650 | _aRENT ACTS | ||
| 650 | _aSCARCITY VALUE | ||
| 650 | _aSPATH HOLME LTD V GREATER MANCHESTER AND LANCASHIRE RENT ASSESSMENT COMMITTEE | ||
| 690 | _aLANDLORD AND TENANT-CASE LAW-RESIDENTIAL TENANCIES | ||
| 942 | _n0 | ||
| 948 | _c04/03/1997 | ||
| 999 |
_c14315 _d14315 |
||